Incredible India : (Record no. 3160)

MARC details
000 -LEADER
fixed length control field 01347cas a2200385 a 4500
001 - CONTROL NUMBER
control field 52609519
003 - CONTROL NUMBER IDENTIFIER
control field OCoLC
005 - DATE AND TIME OF LATEST TRANSACTION
control field 20181025192139.0
008 - FIXED-LENGTH DATA ELEMENTS--GENERAL INFORMATION
fixed length control field 030715c20039999ii br p f0 0eng
010 ## - LIBRARY OF CONGRESS CONTROL NUMBER
LC control number 2003311786
025 ## - OVERSEAS ACQUISITION NUMBER
Overseas acquisition number I-D-E-2003-311786
035 ## - SYSTEM CONTROL NUMBER
System control number (OCoLC)52609519
037 ## - SOURCE OF ACQUISITION
Source of stock number/acquisition Durga Das Publications, 72, Todarmal Rd., New Delhi 110001, India
040 ## - CATALOGING SOURCE
Original cataloging agency DLC
Language of cataloging eng
Transcribing agency DLC
Modifying agency DLC
-- OCLCQ
-- OCLCA
-- OCLCQ
-- OCLCO
-- OCLCA
-- OCLCF
042 ## - AUTHENTICATION CODE
Authentication code pcc
043 ## - GEOGRAPHIC AREA CODE
Geographic area code a-ii---
050 00 - LIBRARY OF CONGRESS CALL NUMBER
Classification number DS406
Item number .E96
082 ## - DEWEY DECIMAL CLASSIFICATION NUMBER
Classification number REF 294
245 00 - TITLE STATEMENT
Title Incredible India :
Remainder of title publication of the Department of Tourism, Government of India
260 ## - PUBLICATION, DISTRIBUTION, ETC.
Place of publication, distribution, etc. New Delhi :
Name of publisher, distributor, etc. Durga Das Publications,
Date of publication, distribution, etc. 2003-
300 ## - PHYSICAL DESCRIPTION
Extent volumes :
Other physical details color illustrations ;
Dimensions 28 cm
310 ## - CURRENT PUBLICATION FREQUENCY
Current publication frequency Bimonthly
336 ## - CONTENT TYPE
Content type term text
Content type code txt
Source rdacontent
337 ## - MEDIA TYPE
Media type term unmediated
Media type code n
Source rdamedia
338 ## - CARRIER TYPE
Carrier type term volume
Carrier type code nc
Source rdacarrier
500 ## - GENERAL NOTE
General note Title from cover
550 ## - ISSUING BODY NOTE
Issuing body note Published by: Ministry of Tourism, Govt. of India and produced by: Mediascope Publicitas (India) Pvt. Ltd., June/July 2008-
650 ## - SUBJECT ADDED ENTRY--TOPICAL TERM
Topical term or geographic name entry element Hotel Guide
651 #0 - SUBJECT ADDED ENTRY--GEOGRAPHIC NAME
Geographic name India
Form subdivision Guidebooks
655 #7 - INDEX TERM--GENRE/FORM
Genre/form data or focus term Guidebooks.
Source of term fast
Authority record control number or standard number (OCoLC)fst01423871
710 1# - ADDED ENTRY--CORPORATE NAME
Corporate name or jurisdiction name as entry element India.
Subordinate unit Department of Tourism
710 1# - ADDED ENTRY--CORPORATE NAME
Corporate name or jurisdiction name as entry element India.
Subordinate unit Ministry of Tourism
780 00 - PRECEDING ENTRY
Title Explore India
Record control number (DLC) 00403031
-- (OCoLC)48161106
942 ## - ADDED ENTRY ELEMENTS (KOHA)
Source of classification or shelving scheme Dewey Decimal Classification
Koha item type Books
Holdings
Withdrawn status Lost status Source of classification or shelving scheme Damaged status Not for loan Collection code Home library Current library Shelving location Date acquired Cost, normal purchase price Total Checkouts Full call number Barcode Date last seen Price effective from Koha item type
    Dewey Decimal Classification     Non-fiction Harvest Mission College Harvest Mission College General Stacks 25.10.2018 150.00   REF 294 003579 25.10.2018 25.10.2018 Books

OPAC Designed and Maintained by HMC Library Team.
Copyright © HMC Library,Greater Noida, UP.
For any Suggestions/Query Contact library via Email:libhmc@gmail.com